Catálogo
 En Linea

El día decisivo : (Registro nro. 43625)

Detalles MARC
000 -CABECERA
campo de control de longitud fija 00704cam a2200193 a 4500
001 - NÚMERO DE CONTROL
campo de control 000044136
005 - FECHA Y HORA DE LA ÚLTIMA TRANSACCIÓN
campo de control 20201002045154.0
008 - DATOS DE LONGITUD FIJA--INFORMACIÓN GENERAL
campo de control de longitud fija 820402s1980 ch a 000 0 spa d
040 ## - FUENTE DE LA CATALOGACIÓN
Centro catalogador/agencia de origen DO-SdBNP
Lengua de catalogación spa
Centro/agencia transcriptor BNPHU
082 ## - NÚMERO DE LA CLASIFICACIÓN DECIMAL DEWEY
Número de clasificación xxx
Número de documento/Ítem xxxx
100 1# - ENTRADA PRINCIPAL--NOMBRE DE PERSONA
Nombre de persona Pinochet Ugarte, Augusto,
Fechas asociadas al nombre 1915-2006.
9 (RLIN) 27568
245 13 - MENCIÓN DE TÍTULO
Título El día decisivo :
Resto del título 11 de septiembre de 1973 /
Mención de responsabilidad, etc. A. Pinochet U.
260 ## - PUBLICACIÓN, DISTRIBUCIÓN, ETC.
Lugar de publicación, distribución, etc. Santiago de Chile :
Nombre del editor, distribuidor, etc. Empresa Peridística La Nación,
Fecha de publicación, distribución, etc. 1980.
300 ## - DESCRIPCIÓN FÍSICA
Extensión 279 p. :
Otras características físicas il. ;
Dimensiones 24 cm.
600 14 - PUNTO DE ACCESO ADICIONAL DE MATERIA--NOMBRE DE PERSONA
Nombre de persona PINOCHET UGARTE, AUGUSTO
Subdivisión general ENTREVISTAS
9 (RLIN) 41066
651 #4 - PUNTO DE ACCESO ADICIONAL DE MATERIA--NOMBRE GEOGRÁFICO
Nombre geográfico Chile
Subdivisión general Historia
Subdivisión cronológica 1973.
9 (RLIN) 41067
651 #4 - PUNTO DE ACCESO ADICIONAL DE MATERIA--NOMBRE GEOGRÁFICO
Nombre geográfico Chile
Subdivisión general Política Y Gobierno
Subdivisión cronológica 1970-1973.
9 (RLIN) 41068
650 #4 - PUNTO DE ACCESO ADICIONAL DE MATERIA--TÉRMINO DE MATERIA
Término de materia o nombre geográfico como elemento de entrada Presidentes
Subdivisión geográfica Chile
Subdivisión general Entrevistas
9 (RLIN) 41069
Existencias
Estado de retiro Estado de pérdida Restricciones de uso No para préstamo Código de colección Localización permanente Ubicación/localización actual Ubicación en estantería Fecha de adquisición Número de inventario Total de préstamos Signatura topográfica completa Código de barras Fecha visto por última vez Precio válido a partir de Tipo de ítem Koha
      Excluido de préstamo Monografías: Libros y Folletos General General En catalogación 19.05.2014 LF1   xxx xxxx 44136-10 25.06.2020 25.06.2020 No se presta

Con tecnología Koha